Discografia de Fito Paez - Estadísticas

Estadísticas generales
  • Esta prueba ha sido intentada 22 veces
  • La puntuación promedio es 13 de 32
Estadísticas de respuestas
Hint Respuesta % Correcto
1992 El Amor Después del Amor
100%
2012 El amor después del amor 20 años
100%
1987 Ciudad de Pobres Corazones
84%
1985 Giros
84%
1994 Circo Beat
79%
1984 Del 63
79%
1986 (Con Spinetta) La La La
79%
2000 Rey Sol
68%
1990 Tercer Mundo
63%
1999 Abre
58%
1998 (Con Sabina) Enemigos Intimos
53%
1988 Ey!
47%
1996 (Vivo) Euforia
42%
2003 Naturaleza Sangre
37%
2008 (Vivo) No se si es Baires o Madrid
37%
2010 Confia
26%
2021 Los Años Salvajes
26%
2007 Rodolfo
26%
2011 (Covers) Canciones para Aliens
21%
2017 La Ciudad Liberada
21%
2020 La Conquista del Espacio
21%
2022 The Golden Light
21%
2013 Yo Te Amo
21%
2013 El Sacrificio
16%
2015 (Con Paulino Moshka) Locura Total
16%
2004 (Vivo) Mi vida con Ellas
16%
2005 (Reversiones) Moda y Pueblo
16%
2014 Rock And Roll Revolucion
16%
2013 Dreaming Rosario
11%
2023 (Reversiones) EADDA9223
11%
2006 El Mundo Cabe en Una Cancion
11%
2022 Futurologia Arlt
11%
No se encontraron pruebas coincidentes
Distribución de puntuación
Porcentaje de gente con cada puntuación
Porcentaje por número respondido
Historial de tus puntuaciones
No has intentado esta prueba.